000 00576ntaaa2200217 4500
003 01
005 20251027200713.0
008 0714s1973 ag 01
020 _a8423953149
040 _aAR-BaBN
_bspa
_cAR-BaBN
_eaacr
_dRIC
082 _a780.923 T78j
100 _aJuramie, Ghislaine
_93421
245 _aTschaikovsky /
_cGhislaine Juramie
250 _a3 ed.
260 _aMadrid :
_bEspasa-Calpe,
_c1977
300 _a128 p ;
_c17.5 cm.
500 _aObras de Tschaikovsky: p 127 Bibliografía: p 128
650 _aMusica
650 _aMusicos-Biografia
942 _cBK
999 _c1532
_d1532